000 01378nam a22003977a 4500
003 CHAP
005 20220329132935.0
008 971013s1989 mx a r 00010 spa d
010 _a481
011 _a1453
035 _a629
040 _cCHAP
090 _aTesis
100 0 0 _aGonzález Gandarilla, Juan Francisco.
_948926
245 1 _aBiología y distribución de los muérdagos enanos en la Unidad de Administración Forestal Tepehuanes
260 _aChapingo, Méx. :
_bEl Autor,
_c1989
300 _a52 h.
_b: ilus.
500 _a36-195
502 _aTesis (Ing. Agrónomo Esp. en Bosques) -- UACH. División de Ciencias Forestales
590 _aALEPH
_b10
_c20130110
_lUCH01
_h1205
590 _aBATCH-UPD
_b10
_c20130109
_lUCH01
_h2326
590 _aBATCH-UPD
_b10
_c20130110
_lUCH01
_h0214
590 _aBATCH-UPD
_b10
_c20130110
_lUCH01
_h1752
590 _aBATCH-UPD
_b10
_c20130409
_lUCH01
_h1850
590 _aBATCH-UPD
_b10
_c20130409
_lUCH01
_h2231
590 _aBATCH-UPD
_b10
_c20130410
_lUCH01
_h1129
590 _aBATCH-UPD
_b10
_c20130914
_lUCH01
_h1547
590 _aCONVERSION
_b10
_c20130109
_lUCH01
_h1302
650 1 4 _aMuérdago.
_979527
650 1 4 _aPináceas
_xPlagas.
_988257
650 1 4 _aPináceas
_zDurango.
_988273
901 _aBK
942 _cFOLL
949 _bBC
_cTES
_d-10082
_eTS1
_h22629
_i629
_si
949 _bBC
_cTES
_d-67503
_eTS2
_fc.2
_h22630
_i629
_si
999 _c481
_d481